00385nam a2200121Ia 4500008004100000082001600041100002900057245004200086300001100128942000700139999001900146952009800165230907s9999||||xx |||||||||||||| ||und|| a621.31bSAU aSauer, Peter W.,9115971 0aPower system dynamics and stability : a358 p. cBK c600604d600604 00104070aCAS-EbCAS-Ed2019-10-09l0o621.31 SAUpCAS-E0004703r2023-09-12w2023-09-12yBK